000 00555nam a2200217u 4500
001 32880
003 BD-RjUL
005 20211209051917.0
008 140428s1958 p c 000 0 eng
035 _a(BD-RjUL)32970
040 _aDLC
_cCarP
_dDLC
_dBD-RjUL
_beng
041 _aeng
082 _a297
_bCHA 1958
245 1 0 _aCharms of Islam.
260 _aKarachi :
_bBegum Aisha Bawany wakf,
_c1958.
300 _a140 p. ;
_bill. ;
_c21 cm.
650 0 _aIslam
_xAppreciation.
_999951
942 _2ddc
_cBK
999 _c32880
_d32880